Quizzes
Events
Quiz Creation
Community
Videos
Private Events
Remove Ads
Sign In
Join for FREE
Feedback
Dark Mode
Quiz Categories
Sports
Geography
Music
Movies
Television
Just For Fun
Miscellaneous
History
Literature
Language
Science
Gaming
Entertainment
Religion
Holiday
For Kids
Quiz Lab
Recent
Popular Today
Quiz Kudos Today
Editor Picks
Curator Picks
Quizzes by...
Day
Popularity
Type
Ratings
Length
Year
Community
Subscriptions
Recent Discussions
Orange Saloon
Badges
Playlists
Quests
Create
Leaderboards
Showdown
Live 5
Trivia Bingo
Activity
Puzzle Library
Sporcle Events
Private Events
Virtual Trivia
Globe League
Become a Host
Pub Owners
SporcleCon
Opinionation
Our Games
Videos
Blog
Mobile Apps
Partnerships
Remove Ads and Go Orange
Feedback
Music
Pop Music
The Beatles
Song
Album
Lyrics
Bands
Singers
Artist
Clip
Rock
Rap
Classical
Billboard
Country Music
Kpop
Taylor Swift
Music
Pop Music
The Beatles
Song
Album
Lyrics
Bands
Singers
Artist
Clip
Rock
Rap
Classical
Billboard
Country Music
Kpop
Taylor Swift
Random Quiz
Search Sporcle
×
Quiz Lab
Quiz Lab
Music
Song
Type in answers that appear in a list
Type in answers that appear in a list
Classic
Best Score? Go Orange.
Beatles Opening and Closing Songs Stats
Can you name the opening and closing songs on every Beatles album?
By
dudemanbearpig
6m
26 Questions
325 Plays
325 Plays
325 Plays
Comments
Comments
Give Quiz Kudos
Give Quiz Kudos
-
- Ratings
hide this ad
Replay
Link that replays current quiz
Next Quiz
Link to next quiz in quiz playlist
You Got
0%
They Got
Avg Score
75%
Avg Friend Score
Upgrade to see
Score Distribution
Jump to the score distribution portion of the page
Score
0/26
Timer
06:00
0
Plays Today
Album
Song
% Correct
Help!
Help!
94.8%
Sgt. Pepper's Lonely Hearts Club Band
Sgt. Pepper's Lonely Hearts Club Band
94.1%
A Hard Day's Night
A Hard Day's Night
93.2%
Abbey Road
Come Together
92.3%
Magical Mystery Tour
Magical Mystery Tour
90.4%
Yellow Submarine
Yellow Submarine
90.1%
Sgt. Pepper's Lonely Hearts Club Band
A Day in the Life
89.2%
Abbey Road
Her Majesty
89.2%
Revolver
Taxman
87.3%
The Beatles
Back in the U.S.S.R.
86.4%
Rubber Soul
Drive My Car
84%
Revolver
Tomorrow Never Knows
79.9%
The Beatles
Good Night
78.1%
Album
Song
% Correct
Please Please Me
I Saw Her Standing There
77.2%
Please Please Me
Twist and Shout
75.6%
Magical Mystery Tour
All You Need Is Love
73.8%
Rubber Soul
Run for Your Life
73.1%
Let It Be
Get Back
73.1%
Let It Be
Two of Us
70.4%
Help!
Dizzy Miss Lizzy
66.7%
Beatles for Sale
No Reply
59.3%
With the Beatles
It Won't Be Long
58.3%
With the Beatles
Money (That's What I Want)
52.2%
Beatles for Sale
Everybody's Trying to Be My Baby
47.8%
A Hard Day's Night
I'll Be Back
47.2%
Yellow Submarine
Yellow Submarine in Pepperland
43.5%
Quiz Playlist
Details
Report
Send in Message
Add To Playlist
Classic:
Type in answers that appear in a list
Last Updated: Feb 16, 2017
Quiz Scoreboard
CHALLENGE
Sign Up to Join the Scoreboard
Show All
Scores
Hide
Comments
May contain spoilers
Recently Published
Movies - When Are They Set?
by FPL_Elf
Movies
5m
Popular People in 1961
by mucciniale
History
6m
1-10 Letter E Words III
by El_Dandy
Language
2m
More to Explore
Quiz From the Vault
Featured Blog Post
Where Did the Easter Bunny Come From?
hide this ad
You Might Also Like...
Tags
Album Quiz
Song Quiz
Closing
Today's Top Quizzes in Music
Browse Music
hide this ad
Today's Top Quizzes in Song
Browse Song
Top Contributed Quizzes in Music
1
Taylor Swift All Songs (2024)
2
2010s Album by Cover III
3
One Thing in Common: Music
4
Guess the Artist- 70s Songs
5
Taylor Swift Logic Puzzle
6
Guess the Taylor Swift song (Mystery Song)
7
2010s Album by Cover IV
8
2010s Album by Cover V
9
KPOP LOGIC QUIZ
10
2010s Album by Cover VI
Explore More
Trending Topics
Disney
Marvel
Kpop
Anime
Harry Potter
Crossword
NBA
Puzzle
WWE
Soccer
The Office
NFL
Song
Country
Pokémon
hide this ad
More By:
dudemanbearpig
Quiz
Plays
Rating
Category
Featured
Created
WWE Royal Rumble Final Four
309,008
4.45
Sports
Dec 1, 2009
Top 50 Females in Harry Potter
137,449
4.67
Literature
May 10, 2012
Top 25 Non-Humans in Harry Potter
68,936
4.83
Literature
Apr 30, 2012
WrestleMania: 5+ in a Row
63,492
4.54
Sports
Apr 3, 2012
Black WWE PPV Competitors
14,898
4.34
Sports
Nov 6, 2011
Go to Creator's Profile
Score Distribution
Quiz Creator Spotlight
dudemanbearpig
Follow
Send a Message
Quizzes Created
-
Created Quiz Play Count
-
More By This Creator
Popular Quizzes Today
1
Find the Countries of Europe - No Outlines Minefield
2
Find the US States - No Outlines Minefield
3
The Countries of the World
4
Popular People in 1961
5
US States
6
1-10 Letter E Words III
7
Find the US States
8
One Thing in Common: World Cities II
More Music Quizzes
Increasing Options: Rock
Published
Trending Quizzes
Risky Map Clicking: Least Populous States A-Z
1-10 Letter F Words
Humor Books: The Subtitles
1-10 Letter G Words
One Thing in Common: United Kingdom
Recently Updated
Leaping Animals
pecheneg
Reality TV Shows (A-Z)
bhenderson79
Rickey Henderson's Hall of Fame Teammates
pecheneg
Champions League XIs: Arsenal
pecheneg
Quick Pick: Celebrities in WWE's Hall of Fame
aduchscher
A-Z Keypad Blitz II
pecheneg
Multiple Oscar Actors
pecheneg
Mystery Phrase Blitz: Oscar 'Best Actors'
pecheneg
F. Scott Fitzgerald Novels
LTH
Pick 3 Villains
ddd62291
Trending Topics
Crossword
Harry Potter
Anime
NBA
Disney
Marvel
Kpop
WWE
Soccer
Song
Country
Pokémon
Puzzle
The Office
NFL
Your Account Isn't Verified!
In order to create a playlist on Sporcle, you need to verify the email address you used during registration. Go to your
Sporcle Settings
to finish the process.
Report this User
Report this user for behavior that violates our
Community Guidelines
.
Details:
Send Report
Go to the Sporcle.com Mobile Site →
Comments